| 000 | 00363nam a22001577a 4500 | ||
|---|---|---|---|
| 005 | 20220329142248.0 | ||
| 008 | 000405d mx r 00010 spa d | ||
| 010 | _a80716 | ||
| 011 | _a81688 | ||
| 035 | _a92164 | ||
| 245 | 0 | 0 | _c/ |
| 260 | _c199 | ||
| 590 |
_aCONVERSION _b10 _c20130109 _lUCH01 _h1345 |
||
| 650 |
_aNutrición _xEstadÃsticas _982255 |
||
| 901 | _aBK | ||
| 999 |
_c80716 _d80716 |
||